000 00459 a2200169 4500
020 _a9780471972082
040 _aDLC
_bDLC
082 _a005.1
100 _aKotonya, Gerald
110 _aSommerville, Ian
245 _aRequirements engineering : processes and techniques
_cGerald Kotonya
260 _aNew York
_bWiley
_c1998
300 _a282 p.
650 _aSoftware engineering--System design
700 _aGerald Kotonya
942 _cBK
_k005.1 KOT
_2ddc
999 _c10777
_d10777